000 01066nam a2200301 i 4500
003 EG-GICUC
005 20260429201340.0
008 260429s1969 |||o|||fr|||| 00| 0 fre d
040 _a EG-GICUC
_bfre
_c EG-GICUC
_d EG-GICUC
_erda
041 0 _aFre
082 0 4 _221
_a343.045
_bCO . A
092 0 4 _221
099 _aLaw1 10 343.045 CO . A 1969
111 _aAssociation Internationale De Droit Penal.
_d25-26-27-28 Gennaio 1969.
245 1 0 _aActes du Pre-Congrès International de Syracuse /
_cAssociation Internationale De Droit Penal.
264 1 _a[Lieu De Publication Non Précisé] :
_b[Éditeur Non Spécifié],
_c1969.
300 _a527 Pages :
_bPhotographs;
_c24 cm.
336 _2rda content
_atext
337 _2rda media
_aComputer
338 _2rda carrier
_aOnline Resource
546 _aالنص باللغة الفرنسية
650 1 _aCriminologie
_yItalie
_2qrmak
650 1 _aDroit De Pénal
_2qrmak
651 1 _2qrmak
856 4 0 _uhttps://fll.law.cu.edu.eg/fulltext/conf/B10-10765.pdf
905 _a54
942 _2ddc
_cBK
_e21
_n0
999 _c74353
_d74353